Kpop groups by debut songs - Statistics

General Stats
  • This quiz has been taken 309 times
  • The average score is 41 of 95
Answer Stats
Hint Answer % Correct
Boombayah Blackpink
94%
DALLA DALLA ITZY
91%
Black Mamba aespa
88%
Fearless Le sserafim
88%
Like Ooh-Ahh Twice
88%
Magnetic ILLIT
87%
No More Dream BTS
86%
Given-Taken Enhypen
86%
Eleven IVE
86%
Crown TXT
86%
Attention New Jeans
85%
District 9 Stray Kids
85%
Into the New World Girls Generation / SNSD
83%
O.O NMIXX
83%
Batter Up BABYMONSTER
80%
LATATA i-dle
78%
MEOW MEOVV
78%
La Vie en Rose IZ*ONE
76%
Debut Katseye
74%
Pirate King ATEEZ
73%
WA DA DA Kep1er
73%
Get A Guitar RIIZE
73%
Adore U Seventeen
71%
Replay SHINee
71%
Happiness Red Velvet
70%
MAMA EXO
69%
Bon Bon Chocolat EVERGLOW
68%
Fire Truck NCT 127
65%
Plot Twist TWS
64%
Chewing Gum NCT Dream
63%
Famous ALL DAY PROJECT
62%
In Bloom ZEROBASEONE
60%
What You Want Cortis
58%
The Chase Hearts2Hearts
57%
Moonwalkin' Lngshot
55%
The 7th Sence NCT U
54%
Fire 2NE1
53%
But I Like You BOYNEXTDOOR
50%
Hi High LOONA
50%
Bad Girl Good Girl Miss A
49%
Wish NCT Wish
48%
Glass Bead GFRIEND
46%
Girls Girls Girls GOT7
46%
So Bad StayC
45%
We belong together Big Bang
44%
Shh Kiss of Life
44%
Mr. Ambiguous MAMAMOO
44%
Step Back GOT the beat
42%
Irony Wonder Girls
40%
TRICKY HOUSE Xikers
39%
Macaroni Cheese Young Posse
37%
Candy H.O.T
36%
Happy Death Day Xdinary heroes
36%
Generation TripleS
34%
BOP BOP! VIVIZ
34%
Elvis AOA
32%
Siren P1Harmony
32%
Tippy Toes XG
32%
10 Out of 10 2PM
30%
To Heart fromis_9
29%
Regular WayV
29%
Virtual Angel ARTMS
26%
Twins (Knock Out) Super Junior
26%
Hot Issue 4Minute
24%
Movie Star CIX
24%
Boy The Boyz
24%
Pepe CLC
23%
My Type iKON
23%
Under The Skin &TEAM
23%
NERDY ifeye
21%
This Song 2AM
19%
F Girl Baby DONT Cry
19%
('Cause) I'm your girl S.E.S
19%
Tag Me (@Me) Weeekly
19%
Push Push SISTAR
18%
UhUh RESCENE
15%
Tic Tac 8TURN
12%
ON/OFF ONF
11%
Come Closer Brown Eyed Girls
10%
BOYtude idntt
9%
DOOM DOOM TA TRI.BE
9%
CHAN-RAN IDID
8%
Magic Girl Orange Caramel
8%
On And On AMPERS&ONE
7%
S&S (Sour and Sweet) ARrC
5%
Must Be Nice One Pact
5%
Blue Sun aoen
4%
Enough Boy Story
4%
Island The Wind
4%
GOTCHA ALL(H)OURS
3%
Per ADYA
2%
PEACE ChRocktikal
2%
POP UP Dragon Pony
2%
Deja Vu SONAMOO
2%
Chase Me Dreamcather
1%
No matching quizzes found
Score Distribution
Percent of People with Each Score
Percentile by Number Answered
Your Score History
You have not taken this quiz